000
00244nam a2200097Ia 4500
001
716233
005
20250826162940.0
008
250824s9999 xx 000 0 und d
245
0
_a
SUÇLU KİM
_c
JEAN-LUC LUCİANİ
260
_b
CARPE DİEM YAYINLARI
999
_c
716233
_d
716233